LEADER 05451nam 2200709 a 450 001 9910455593203321 005 20220208182455.0 010 $a1-282-75784-9 010 $a9786612757846 010 $a981-4261-70-X 035 $a(CKB)2490000000001696 035 $a(EBL)1681636 035 $a(OCoLC)768682343 035 $a(SSID)ssj0000423099 035 $a(PQKBManifestationID)12140914 035 $a(PQKBTitleCode)TC0000423099 035 $a(PQKBWorkID)10432569 035 $a(PQKB)11603086 035 $a(MiAaPQ)EBC1681636 035 $a(WSP)00000648 035 $a(Au-PeEL)EBL1681636 035 $a(CaPaEBR)ebr10422428 035 $a(CaONFJC)MIL275784 035 $a(EXLCZ)992490000000001696 100 $a20100309d2010 uy 0 101 0 $aeng 135 $aur|n|---||||| 181 $ctxt 182 $cc 183 $acr 200 10$aMethods of wave theory in dispersive media$b[electronic resource] /$fM.V. Kuzelev, A.A. Rukhadze 210 $aHackensack, N.J. ;$aLondon $cWorld Scientific$dc2010 215 $a1 online resource (271 p.) 300 $aDescription based upon print version of record. 311 $a981-4261-69-6 320 $aIncludes bibliographical references (p. 257-258). 327 $aContents; Synopsis; Introduction; Chapter 1 Linear Harmonic Waves in Dispersive Systems. Initial-Value Problem and Problem with An External Source; 1. Harmonic Waves in Dispersive Systems; 2. Initial-Value Problem. Eigenmode Method; 3. Characteristic Function of the State Vector. Dispersion Operator; 4. Laplace Transform Method; Chapter 2 A Case Study of Linear Waves in Dispersive Media; 5. Transverse Electromagnetic Waves in an Isotropic Dielectric; 6. Longitudinal Electrostatic Waves in a Cold Isotropic Plasma. Collisional Dissipation of Plasma Waves 327 $a7. Transverse Electromagnetic Waves in a Cold Isotropic Plasma. Dissipation of Transverse Waves in a Plasma8. Electromagnetic Waves in Metals; 9. Electromagnetic Waves in a Waveguide with an Isotropic Dielectric; 10. Longitudinal Waves in a Hot Isotropic Plasma. Electron Diffusion in a Plasma; 11. Longitudinal Waves in an Isotropic Degenerate Plasma. Waves in a Quantum Plasma; 12. Ion Acoustic Waves in a Nonisothermal Plasma. Ambipolar Diffusion; 13. Electromagnetic Waves in a Waveguide with an Anisotropic Plasma in a Strong External Magnetic Field 327 $a14. Electromagnetic Waves Propagating in a Magnetized Electron Plasma along a Magnetic Field15. Electrostatic Waves Propagating in a Magnetized Electron Plasma at an Angle to a Magnetic Field; 16. Magnetohydrodynamic Waves in a Conducting Fluid; 17. Acoustic Waves in Crystals; 18. Longitudinal Electrostatic Waves in a One-Dimensional Electron Beam; 19. Beam Instability in a Plasma; 20. Instability of a Current-Carrying Plasma; Chapter 3 Linear Waves in Coupled Media. Slow Amplitude Method; 21. Coupled Oscillator Representation and Slow Amplitude Method 327 $a22. Beam-Plasma System in the Coupled Oscillator Representation23. Basic Equations of Microwave Electronics; 24. Resonant Buneman Instability in a Current-Carrying Plasma in the Coupled Oscillator Representation; 25. Dispersion Function and Wave Absorption in Dissipative Systems; 26. Some Effects in the Interaction between Waves in Coupled Systems; 27. Waves and Their Interaction in Periodic Structures; Chapter 4 Nonharmonic Waves in Dispersive Media; 28. General Solution to the Initial-Value Problem; 29. Quasi-Harmonic Approximation. Group Velocity 327 $a30. Pulse Spreading in Equilibrium Dispersive Media31. Stationary-Phase Method; 32. Some Problems for Wave Equations with a Source; Chapter 5 Nonharmonic Waves in Nonequilibrium Media; 33. Pulse propagation in Nonequilibrium Media; 34. Stationary-Phase Method for Complex Frequencies; 35. Quasi-Harmonic Approximation in the Theory of Interaction of Electron Beams with Slowing-Down Media; Chapter 6 Theory of Instabilities; 36. Convective and Absolute Instabilities. First Criterion for the Type of Instability; 37. Saddle-Point Method. Second Criterion for the Type of Instability 327 $a38. Third Criterion for the Type of Instability 330 $aThis book presents the main mathematical methods of description and general problems in the theory of linear waves in dispersive systems and media, including equilibrium and nonequilibrium waves. To show how the general theory can be applied in practice, the authors give a unified description of the waves in all important physical systems which are traditionally studied in the mechanics of continuous media, electrodynamics, plasma physics, electronics and physical kinetics. Consideration is also given to the interaction of waves in coupled systems, the propagation and evolution of localized w 606 $aWave-motion, Theory of 606 $aWaves 606 $aDispersion 606 $aLinear systems 608 $aElectronic books. 615 0$aWave-motion, Theory of. 615 0$aWaves. 615 0$aDispersion. 615 0$aLinear systems. 676 $a531.1133 700 $aKuzelev$b M. V$g(Mikhail Viktorovich)$0478657 701 $aRukhadze$b A. A$g(Anri Amvrosievich),$f1930-2018.$01076183 801 0$bMiAaPQ 801 1$bMiAaPQ 801 2$bMiAaPQ 906 $aBOOK 912 $a9910455593203321 996 $aMethods of wave theory in dispersive media$92586408 997 $aUNINA LEADER 02135nam 2200589 a 450 001 9910477327903321 005 20231019150841.0 024 7 $a10.3726/b12222 035 $a(CKB)4340000000238658 035 $a(WaSeSS)Ind00077282 035 $a(oapen)https://directory.doabooks.org/handle/20.500.12854/39344 035 $a(oapen)doab39344 035 $a(EXLCZ)994340000000238658 100 $a20130928d1974|||| || | 101 0 $ager 135 $aur||||||||||| 181 $ctxt$2rdacontent 182 $cc$2rdamedia 183 $acr$2rdacarrier 200 10$aAleksandr Bloks drama Pesnjy sud'by (Das Lied des Schicksals) $eU?bersetzt, Kommentiert und interpretiert /$fDietrich Wo?rn 210 $aMunich, Germany $cVerlag Otto Sagner$dc1974 215 $a1 online resource (x, 545 p.) 225 1 $aSlavistische Beitra?ge ;$vBand 81 311 08$a3-95479-329-6 320 $aIncludes bibliographical references. 330 $aIn der vorliegenden Arbeit wird versucht, eine mo?glichst erscho?pfende Darstellung des Ideengehalts des LS ("Das Lied des Schicksals") zu geben und allen Vera?stelungen von Bloks esoterischer Mystik und anspielungsreicher Symbolik nachzugehen. Es zeigt sich, dass das LS zeitlich und thematisch einen besonders geeigneten Zugang zum Gesamtwerk Bloks ermo?glicht. 410 0$aSlavistische Beitra?ge ;$vBand 81. 606 $aLiterature & literary studies$2bicssc 610 $aAleksandr 610 $aBloks 610 $aDrama 610 $aEsoterik 610 $ainterpretiert 610 $akommentiert 610 $aLied 610 $aLiteraturwissenschaft 610 $aPesnja 610 $aRussland 610 $aSchicksals 610 $aSlavische Sprachwissenschaft 610 $aSymbolik 610 $aÜbersetzt 610 $aVerfasser 610 $aWörn 615 7$aLiterature & literary studies 700 $aWo?rn$b Dietrich$0873928 801 0$bWaSeSS 801 1$bWaSeSS 906 $aBOOK 912 $a9910477327903321 996 $aAleksandr Bloks drama Pesnjy sud'by (Das Lied des Schicksals)$91951001 997 $aUNINA